Az élelmiszer-pazarlás okainak vizsgálata és megoldási lehetőségei a gyermekétkeztetésben

Bibliográfiai részletek
Szerző: Poller Dóra
További közreműködők: Karakasné Dr. Morvay Klára
Dokumentumtípus: Diplomadolgozat
Kulcsszavak:élelmiszer-hulladék
élelmiszer-pazarlás
gyermekétkeztetés
közétkeztetés
menza
Online Access:http://dolgozattar.uni-bge.hu/60081

MARC

LEADER 00000nta a2200000 i 4500
001 dolg60081
005 20260409145949.0
008 260409suuuu hu om 000 hun d
040 |a BGE Dolgozattár Repozitórium  |b hun 
041 |a hu 
100 1 |a Poller Dóra 
245 1 3 |a Az élelmiszer-pazarlás okainak vizsgálata és megoldási lehetőségei a gyermekétkeztetésben  |c Poller Dóra  |h [elektronikus dokumentum] 
520 3 |a A szakdolgozatom témája az élelmiszer-hulladék csökkentése a gyermekétkeztetésben. Míg a háztartások élelmiszer-pazarlásáról számos tanulmány szól, ez a terület háttérbe szorult. Kevés szakirodalom foglalkozik a gyermekétkeztetéssel, ezen belül fenntarthatósági fókuszú, az élelmiszer-hulladék csökkentését célzó, mérésekkel alátámasztott szakmai írás ritkán készül. Ezzel a témával azért érdemes foglalkozni, mert a keletkező hulladéknak a környezeti terhelés mellett gazdasági vonzata is van, hiszen a növekvő élelmiszerárak mellett a családok számára jelentős kiadást jelent a gyermekek étkeztetése, melynek egy jelentős része hulladék formájában kárba veszik. Emellett a hulladék kezelése további költségekkel és káros környezeti hatásokkal jár. Az Európai Unióban fejenként 132 kg élelmiszer-hulladék keletkezik évente (Eurostat, 2024), az összes élelmiszer-hulladék 11 %-a az éttermek és étkezési szolgáltatások területén jön létre. Ahhoz, hogy a hulladék mennyiségének csökkentésére javaslatokat és megoldásokat lehessen találni, szükség van az okok feltárására. Az ENSZ 2030-ra szeretné elérni, hogy felére csökkenjen az egy főre jutó élelmiszer-hulladék. Ennek érdekében a közétkeztetés területén is lépéseket kell tenni a hulladékcsökkentés és ezzel együtt a fenntartható élelmezés irányába. A szakmai gyakorlatomat a Budapest XXI. Kerület Csepel Önkormányzata Gazdasági Szolgáltató Igazgatóságnál (továbbiakban: GSZI) töltöm. Ez az intézmény foglalkozik az óvodai, valamint iskolai közétkeztetéshez kapcsolódó feladatok ellátásával Csepelen, ezért úgy gondolom, hogy a munkám során átfogó képet tudok kialakítani a gyermekétkeztetés helyzetéről és hasznos információkhoz, adatokhoz juthatok a kutatási témával kapcsolatban. A szakdolgozatom célja, hogy felmérje az élelmiszerhulladék-probléma valós mértékét a csepeli általános iskolákban. A kutatásom során választ szeretnék találni arra a kérdésre, hogy miért keletkezik élelmiszer-hulladék az iskolákban, túl azon az általános véleményen, hogy rossz az étel. Továbbá a kapott eredmények alapján szeretném megvizsgálni az egyes maradékcsökkentési lehetőségeket és olyan megoldásokat javasolni, amely a helyi viszonyok között ténylegesen megvalósítható. A témát a rendelkezésre álló szakirodalom áttekintése mellett kérdőíves felméréssel és interjúkészítéssel fogom feldolgozni. 
695 |a élelmiszer-hulladék 
695 |a élelmiszer-pazarlás 
695 |a gyermekétkeztetés 
695 |a közétkeztetés 
695 |a menza 
700 1 |a Karakasné Dr. Morvay Klára  |e ths 
856 4 0 |u http://dolgozattar.uni-bge.hu/60081/1/Az%20%C3%A9lelmiszer-pazarl%C3%A1s%20okainak%20vizsg%C3%A1lata%20%C3%A9s%20megold%C3%A1si%20lehet%C5%91s%C3%A9gei%20a%20gyermek%C3%A9tkeztet%C3%A9sben.pdf  |z Dokumentum-elérés 
856 4 0 |u http://dolgozattar.uni-bge.hu/60081/2/Szakdolgozat%20b%C3%ADr%C3%A1lat.pdf  |z Dokumentum-elérés 
856 4 0 |u http://dolgozattar.uni-bge.hu/60081/3/PollerD%C3%B3ra_BSc_konzulensi_KarakasneMK.pdf  |z Dokumentum-elérés